000 00343nam a2200145Ia 4500
005 20250402065232.0
008 240331s9999 xx 000 0 und d
082 _bRAH
_a823
100 _aRahubaddhe,S
245 0 _aAgapipimal
260 _aHomagama
_bSumithra Rahubaddhe
_c1998
300 _a236 p .,
500 _aA Sinhala Novel
942 _cL
999 _c4546
_d4546